Statistics for Countries where you can smoke weed and get an abortion

Click here to take the quiz!

General Stats

  • This quiz has been taken 40 times
  • The average score is 4 of 7

Answer Stats

HintAnswer% Correct
North AmericaCanada
100%
South AmericaUruguay
80%
EuropeGermany
77%
AfricaSouth Africa
69%
AsiaThailand
54%
AsiaGeorgia
31%
EuropeLuxembourg
31%

Score Distribution

Percentile by Number Answered

Percent of People with Each Score

Your Score History

You have not taken this quiz